Umění prodávat
Salvato in:
| Autore principale: | |
|---|---|
| Natura: | Libro |
| Lingua: | ceco |
| Pubblicazione: |
Praha
Grada Publishing, a.s.
2006
|
| Edizione: | 2. přeprac. a rozšíř. vyd. |
| Serie: | Manažer
|
| Soggetti: | |
| Tags: |
Nessun Tag, puoi essere il primo ad aggiungerne!!
|
MARC
| LEADER | 00000nam$a2200000$$$4500 | ||
|---|---|---|---|
| 001 | 0053565 | ||
| 005 | 20240313133620.8 | ||
| 020 | |a 80-247-1699-2 | ||
| 041 | 0 | |a cze | |
| 044 | |a CZ | ||
| 245 | 1 | 0 | |a Umění prodávat |c Alena Filipová |
| 250 | |a 2. přeprac. a rozšíř. vyd. | ||
| 264 | 1 | |a Praha |b Grada Publishing, a.s. |c 2006 | |
| 300 | |a 180 s. | ||
| 490 | 1 | |a Manažer | |
| 830 | 0 | |a Manažer | |
| 610 | 2 | 0 | |a predaj |
| 610 | 2 | 0 | |a zručnosti |
| 610 | 2 | 0 | |a vedomosti |
| 610 | 2 | 0 | |a schopnosti pracovné |
| 610 | 2 | 0 | |a komunikácia |
| 610 | 2 | 0 | |a produkty |
| 610 | 2 | 0 | |a firmy |
| 610 | 2 | 0 | |a konkurencia |
| 610 | 2 | 0 | |a zákazníci |
| 610 | 2 | 0 | |a rozhovor |
| 610 | 2 | 0 | |a propagácia |
| 610 | 2 | 0 | |a starostlivosť o zákazníkov |
| 610 | 2 | 0 | |a stresy |
| 610 | 2 | 0 | |a stratégia obchodná |
| 100 | 1 | |a Filipová, Alena | |